L'état industriel

Guardat en:
Dades bibliogràfiques
Autor principal: Pont, Pierre Du (Autor)
Format: Llibre
Idioma:francès
Publicat: París Sirey 1961
Matèries:
Etiquetes: Afegir etiqueta
Sense etiquetes, Sigues el primer a etiquetar aquest registre!

MARC

LEADER 00000nam a2200000 a 4500
001 UCT7728
003 CL-VaPUC
008 970317e19610000FR |||||||||||||||||fre|d
082 0 4 |a 338.7  |b PON  |2 21 
100 0 |a Pont, Pierre Du  |e author  |9 378779 
245 1 2 |a L'état industriel 
300 |a 208 p 
942 |c BK 
945 |d 19970317 00:00:00  |a nastorga 
260 |a París  |b Sirey  |c 1961 
650 0 |a Empresas públicas  |9 338439 
650 0 |a Sector público  |9 349431 
650 7 |a NACIONALIZACION  |2 CL-VaPUC  |9 257239 
650 0 |a Economía   |9 255568 
650 0 |a Finanzas  |9 260832 
650 0 |a Organizaciones  |9 337993 
650 0 |a Administración  |9 259325 
650 7 |a DIRECCION  |2 CL-VaPUC  |9 358279 
583 |a last modification  |c 19970317 00:00:00  |k Rodrigo Vera 
999 |c 256276  |d 256274 
952 |0 0  |1 0  |4 0  |6 338_700000000000000_PON_1961  |7 0  |8 A  |9 278937  |a BIBDER  |b BIBDER  |d 2019-11-19  |i 1810332  |o 338.7 PON 1961  |p 1810332  |r 2023-01-25  |w 2019-11-19  |y BK  |k DER